000
002990000a22001450004500
003
MACL
040
_a
MACL
090
_c
33687
_d
33685
100
_a
Brogden, Bill
245
_a
Java 2
260
_b
Dreamtech Press
_c
2000
350
_a
149
650
_a
Computer probraming
942
_c
BOOK
_k
005/Bro
999
_c
33336
_d
33336